Hồ Chí Minh với phụ nữ Việt Nam /

Đã lưu trong:
Sonraí Bibleagrafaíochta
Príomhúdar: Phạm Việt Tùng.
Formáid: Bài viết
Teanga:Vietnamese
Ábhair:
Clibeanna: Cuir Clib Leis
Gan Chlibeanna, Bí ar an gcéad duine leis an taifead seo a chlibeáil!
Thư viện lưu trữ: Thư viện Trường Đại học Đà Lạt
LEADER 00779nam a2200265 4500
001 DLU140160549
005 ##20140305
040 # # |a DLU  |b vie 
041 # # |a vie 
044 # # |a vn 
100 # # |a Phạm Việt Tùng. 
245 # # |a Hồ Chí Minh với phụ nữ Việt Nam /  |c Phạm Việt Tùng. 
653 # # |a Bình đẳng giới 
653 # # |a Công bằng xã hội 
653 # # |a Hồ Chí Minh, 1890-1969 
653 # # |a Phụ nữ Việt Nam 
773 # # |t Văn hóa nghệ thuật  |g Số 345, 2013, tr. 11-14 
920 # # |a Phòng Tạp chí -- Trung tâm Thông tin - Thư viện Trường Đại học Đà Lạt 
900 # # |a True 
911 # # |a Hoàng Thị Huyền 
925 # # |a G 
926 # # |a A 
927 # # |a BB 
980 # # |a Thư viện Trường Đại học Đà Lạt